| 000 | 00408nam a2200133 a 4500 | ||
|---|---|---|---|
| 005 | 20210219161316.0 | ||
| 008 | 120110s2000 mx r 000 0 spa d | ||
| 035 | _aUPN01000182906 | ||
| 049 | _aUNE | ||
| 080 | 4 | _a37. 014: 681. 3 (497) .1 =20 INF | |
| 245 | 0 | 4 |
_aThe informatization of educational institutions : _bVesna project |
| 260 |
_aYugoeslavia _bThe board of Education of SR Slovenia |
||
| 300 | _a4 p. | ||
| 999 |
_c155009 _d155009 |
||